|
|
|
|
| LEADER |
00000nas a2200000 a 4500 |
| 001 |
ssj0000481012 |
| 003 |
WaSeSS |
| 005 |
20200512172242.0 |
| 006 |
m d |
| 007 |
cr n |
| 008 |
110210c20109999ua uu p s 0 0eng |
| 010 |
|
|
|a 2011243294
|
| 016 |
7 |
|
|a 101553823
|2 DNLM
|
| 016 |
7 |
|
|a 018993762
|2 Uk
|
| 022 |
|
|
|a 2090-2735
|l 2090-2727
|y 2090-2727
|
| 035 |
|
|
|a (WaSeSS)ssj0000481012
|
| 040 |
|
|
|a NLM
|b eng
|c NLM
|d UAB
|d CUS
|d OCLCQ
|d OCLCO
|d OCLCF
|d EUW
|d OCLCQ
|d OCLCO
|d OCLCQ
|d UKMGB
|d WaSeSS
|
| 042 |
|
|
|a pcc
|
| 050 |
1 |
4 |
|a RG551
|
| 060 |
1 |
0 |
|a W1
|
| 210 |
1 |
0 |
|a J Pregnancy
|2 dnlm
|
| 245 |
0 |
0 |
|a Journal of pregnancy
|h [electronic resource].
|
| 260 |
|
|
|a Cairo :
|b Hindawi Pub. Corp.
|
| 362 |
1 |
|
|a Began in 2010.
|
| 506 |
|
|
|a License restrictions may limit access.
|
| 515 |
|
|
|a Articles added consectively to current annual volume.
|
| 588 |
|
|
|a Description based on: Vol. 2010 (2010); title from PDF caption (publisher's Web site, viewed Apr. 8, 2011).
|
| 588 |
|
|
|a Latest issue consulted: Vol. 2011 (2011) (viewed Apr. 8, 2011).
|
| 650 |
|
0 |
|a Pregnancy
|v Periodicals.
|
| 650 |
|
0 |
|a Pregnancy
|x Complications
|v Periodicals.
|
| 650 |
|
7 |
|a Pregnancy.
|2 fast
|0 (OCoLC)fst01075102
|
| 650 |
|
7 |
|a Pregnancy
|x Complications.
|2 fast
|0 (OCoLC)fst01075106
|
| 650 |
1 |
2 |
|a Pregnancy.
|
| 650 |
2 |
2 |
|a Pregnancy Complications.
|
| 655 |
|
0 |
|a Electronic journals.
|
| 776 |
0 |
|
|x 2090-2727
|
| 850 |
|
|
|a DNLM
|
| 856 |
4 |
0 |
|z Full text available from Research Library: 01/01/2014 to present
|u https://search.proquest.com/publication/2037498
|